000 00266nam a2200097Ia 4500
008 241105s9999 xx 000 0 und d
041 _aeng
100 _aShinde Shweta
_9182644
245 _aAgro Tourism Resort In Panchgani
260 _bFinal Year B.Arch ID, Pune
_c2014
999 _c360935
_d360935